Introduction to polymer physics / (Record no. 1091)

000 -LEADER
fixed length control field 00606nam a2200217 4500
001 - CONTROL NUMBER
control field 1091
003 - CONTROL NUMBER IDENTIFIER
control field BD-DhUET
008 - FIXED-LENGTH DATA ELEMENTS--GENERAL INFORMATION
fixed length control field 950412s1996 enka b 001 0 eng
020 ## - INTERNATIONAL STANDARD BOOK NUMBER
International Standard Book Number 0198517890
040 ## - CATALOGING SOURCE
Original cataloging agency DLC
Transcribing agency DLC
Modifying agency BD-DhUET
082 00 - DEWEY DECIMAL CLASSIFICATION NUMBER
Classification number 530.429
Item number DOI/1995
100 1# - MAIN ENTRY--PERSONAL NAME
Personal name Doi, M.
245 10 - TITLE STATEMENT
Title Introduction to polymer physics /
Statement of responsibility, etc. by M. Doi ; translated by H. See.
250 ## - EDITION STATEMENT
Edition statement 1st ed.
260 ## - PUBLICATION, DISTRIBUTION, ETC. (IMPRINT)
Place of publication, distribution, etc. Oxford :
Name of publisher, distributor, etc. Clarendon Press,
Date of publication, distribution, etc. 1996.
300 ## - PHYSICAL DESCRIPTION
Extent ix, 120 p. :
Other physical details ill. ;
Dimensions 24 cm.
500 ## - GENERAL NOTE
General note Oxford science publications
504 ## - BIBLIOGRAPHY, ETC. NOTE
Bibliography, etc Includes bibliographies
650 #0 - SUBJECT ADDED ENTRY--TOPICAL TERM
Topical term or geographic name as entry element Polymer physics
942 ## - ADDED ENTRY ELEMENTS (KOHA)
Koha item type General Book
Holdings
Koha item type Copy number Location (home branch) Sublocation or collection (holding branch) Lost status Date acquired Koha date last seen Source of classification or shelving scheme Price effective from Piece designation (barcode) Koha full call number Shelving location Damaged status Koha normalized classification for sorting Withdrawn status Not for loan
General Book1Central Library, BUETCentral Library, BUET 2014-08-302014-08-30 2014-08-30104868530.429/ DOI/1995Circulation section 530_429000000000000_DOI1995  
General Book2Central Library, BUETCentral Library, BUET 2014-08-302014-08-30 2014-08-30104869530.429/ DOI/1995Circulation section 530_429000000000000_DOI1995